Marginal world of Oe Kenzaburo: A study in themes and techniques (Record no. 1433214)

MARC details
000 -LEADER
fixed length control field 00684nam a2200217Ia 4500
005 - DATE AND TIME OF LATEST TRANSACTION
control field 20250701164458.0
008 - FIXED-LENGTH DATA ELEMENTS--GENERAL INFORMATION
fixed length control field 008 250505s9999 xx 000 0 eng d
020 ## - INTERNATIONAL STANDARD BOOK NUMBER
International Standard Book Number 0873323432; 9780873323437
037 ## - SOURCE OF ACQUISITION
Stock number Textual
040 ## - CATALOGING SOURCE
Original cataloging agency EASL
Language of cataloging eng
Transcribing agency EASL
041 ## - LANGUAGE CODE
Language code of text/sound track or separate title eng
Source of code eng
084 ## - COLON CLASSIFICATION NUMBER
Classification number O42,3N35:g, M6
Assigning agency EASL
100 ## - MAIN ENTRY--PERSONAL NAME
Personal name Wilson Michiko N.
9 (RLIN) 674011
245 #0 - TITLE STATEMENT
Title Marginal world of Oe Kenzaburo: A study in themes and techniques
260 ## - PUBLICATION, DISTRIBUTION, ETC.
Place of publication, distribution, etc. USA
Name of publisher, distributor, etc. Armonk M. E. Sharpe
Date of publication, distribution, etc. 1986
300 ## - PHYSICAL DESCRIPTION
Extent 170p.
365 ## - TRADE PRICE
Price type code Japan
Price amount 9.99
650 ## - SUBJECT ADDED ENTRY--TOPICAL TERM
Topical term or geographic name entry element Oe Kenzaburo - Criticism and interpretation; JEL
9 (RLIN) 814999
942 ## - ADDED ENTRY ELEMENTS (KOHA)
Koha item type Textual
Classification part O42,3N35:g, M6
Holdings
Withdrawn status Lost status Damaged status Not for loan Collection Home library Current library Date acquired Source of acquisition Cost, normal purchase price Total Checkouts Full call number Barcode Date last seen Price effective from Koha item type
        Japanese English Language Department of East Asian Studies Library Department of East Asian Studies Library 2025-07-01 Prof. Yuichi Kamimura 9.99   O42,3N35:g, M6 EA1603035 2025-07-01 2025-07-01 Textual
Copyright @ Delhi University Library System